Painted Alphabet Quiz Stats

Quiz not verified by Sporcle

Challenge
Share
Tweet
Embed
Score 0/22 Timer 10:00
0 Plays Today
Hint Answer % Correct
It always supports your workeasel
100%
Plastic paint?acrylic
87.5%
Stretched it makes a nice surfacecanvas
87.5%
It's the opposite of mattegloss
87.5%
He famously painted water liliesMonet
87.5%
Many famous paintings are in this kind of paintoil
87.5%
Put your paints on thispalette
87.5%
#1 applicator, oftenbrush
75%
Another word for colorhue
75%
Calligraphers paint with thisink
75%
A painted field of flowers is thislandscape
75%
Hint Answer % Correct
Painter Rockwell's first nameNorman
75%
A primary coloryellow
75%
Keep the floor clean with thisdrop cloth
62.5%
Feel free to use these to spread paintfingers
62.5%
This is used to clean brushes with #15turpentine
62.5%
He painted #19Van Gogh
62.5%
This kind of paint is often packaged in dry discwatercolor
62.5%
A painting in this style looks like a photorealism
50%
A painting of spinning starsStarry Night
50%
Gustav Klimt painted thisThe Kiss
37.5%
First layer of color, part of the backgroundunderpainting
25%

You're not logged in!

Compare scores with friends on all Sporcle quizzes.
Join for Free
OR
Log In

You Might Also Like...

Show Comments

Extras

Top Quizzes Today


Score Distribution

Your Account Isn't Verified!

In order to create a playlist on Sporcle, you need to verify the email address you used during registration. Go to your Sporcle Settings to finish the process.

Report this User

Report this user for behavior that violates our Community Guidelines.

Details: